000 00459cam a2200145 4500500
005 20251012010515.0
041 _afre
042 _adc
100 1 0 _aCerf, Juliette
_eauthor
245 0 0 _aRencontre avec Sandrine Bonnaire
260 _c2008.
500 _a25
786 0 _nPhilosophie magazine | 16 | 2 | 2008-02-01 | p. 46-46 | 1951-1787
856 4 1 _uhttps://shs.cairn.info/magazine-philosophie-magazine-2008-2-page-46?lang=fr&redirect-ssocas=7080
999 _c1519471
_d1519471